000 00500nam a2200181Ia 4500
005 20250508162822.0
008 008 250505s9999 xx 000 0 eng d
037 _aTextual
040 _aFEDL
_beng
_cFEDL
041 _aeng
_2eng
084 _a294.5, ELS
_qFEDL
100 _aKoenraad Elst
_9774113
245 0 _aRam Janmabhoomi vs. Babri Masjid
260 _aNew Delhi, India
_bVoice of India
_c1990
300 _a173p.
942 _cTEXL
_h294.5, ELS
999 _c1378877
_d1378877